Stratégia rozvoja poľnohospodárskych podnikov a konkurenčná schopnosť agropotravinárstva

Recenzia na rovnomennú vedeckú publikáciu, ktorú tvorí 9 príspevkov. Reaguje na súčasné problémy podnikateľských subjektov v tomto odvetví a prináša nové poznatky pre študentov Ekonomickej univerzity, ako aj pre poľnohospodársku prax.

Salvato in:
Dettagli Bibliografici
Autore principale: Jankelová, Nadežda, 1966-
Natura: Capitolo di libro
Lingua:slovacco
Soggetti:
Tags: Aggiungi Tag
Nessun Tag, puoi essere il primo ad aggiungerne!!

MARC

LEADER 00000naa a2200000 4500
001 0142146
005 20240502072539.9
041 0 |a slo 
044 |a SK 
245 1 0 |a Stratégia rozvoja poľnohospodárskych podnikov a konkurenčná schopnosť agropotravinárstva  |c Nadežda Jankelová 
520 |a Recenzia na rovnomennú vedeckú publikáciu, ktorú tvorí 9 príspevkov. Reaguje na súčasné problémy podnikateľských subjektov v tomto odvetví a prináša nové poznatky pre študentov Ekonomickej univerzity, ako aj pre poľnohospodársku prax. 
610 2 0 |a poľnohospodárstvo 
610 2 0 |a podnik poľnohospodársky 
610 2 0 |a rozvoj podniku 
610 2 0 |a konkurencieschopnosť 
610 2 0 |a stratégia podniková 
610 2 0 |a Slovensko 
610 2 0 |a recenzie 
100 1 |a Jankelová, Nadežda, 1966-